Music Quiz

Random Music or Rock Quiz

Led Zeppelin Albums Quiz Stats

 Plays Quiz Updated Nov 30, 2018

     
Support Sporcle.
Go Orange.
Score 0/9 Timer 05:00
12 Plays Today
Year Released Album Title % Correct
1969Led Zeppelin
97.5%
1969Led Zeppelin II
95.4%
1970Led Zeppelin III
94.7%
1971Untitled
90%
1973Houses Of The Holy
85%
1975Physical Graffiti
77.3%
1979In Through The Out Door
67.1%
1982Coda
66.8%
1976Presence
55.3%

From the Vault

10 Words, 20 Definitions XXXII

by Arnott

That's a whole lot of double meanings!
Remove Ads.
Support Sporcle.
Get the best of Sporcle when you Go Orange. This ad-free experience offers more features, more stats, and more fun while also helping to support Sporcle. Thank you for becoming a member.

Show Comments

Extras

Top Quizzes Today


Score Distribution

Your Account Isn't Verified!

In order to create a playlist on Sporcle, you need to verify the email address you used during registration. Go to your Sporcle Settings to finish the process.

Report this User

Report this user for behavior that violates our Community Guidelines.

Details: